| 000 | 005450000a22001930004500 | ||
|---|---|---|---|
| 003 | LK-CoMWRAF | ||
| 005 | 20230930211918.0 | ||
| 008 | 230817t ||||| |||| 00| 0 eng d | ||
| 020 | _a9559780107 | ||
| 040 |
_aLK-CoMWRAF _dLK-CoMWRAF _eLK-CoMWRAF |
||
| 041 | _aeng | ||
| 082 |
_a292.35 _bABO |
||
| 100 | _aAboosally, M.L.M | ||
| 245 |
_aDafther Jailany : _bA Historical account of the dafther jailany rock cave mosque |
||
| 260 |
_aSri Lanka : _bSharm Aboosally, _c2002 |
||
| 300 | _a116p. ; 22cm | ||
| 650 | _a Islam--Mosques | ||
| 942 | _cBK | ||
| 999 |
_c1144 _d1144 |
||